000 00610cam a22002293a 4500
001 18918
003 PGUSA
005 20140828083412.0
008 060727s2006||||xxu|||||s|||||000 1 eng d
040 _aPGUSA
_beng
042 _adc
050 4 _aPQ
100 1 _aDarien, Georges,
_d1862-1921
245 1 0 _aBas les coeurs!
_h[electronic resource] /
_cGeorges Darien
260 _bProject Gutenberg,
_c2006
506 _aPublic domain in the USA.
516 _aElectronic text
653 _aFiction
830 0 _aProject Gutenberg
_v18918
856 4 0 _uhttp://www.gutenberg.org/ebooks/18918
942 _cEB
999 _c248173
_d248173